00365nam a2200121 a 4500001000400000003000500004005001700009008004100026040002000067100003400087245010200121260002000223838CDMR20130312181449.0130130s1973||||||||||||||||||||||||||||d aCDMRbcatcCDMR1 aCollelldemont y Oliva, José13aEl Día Gráficob: estudio aproximativo de un diario barcelonéscJosé Colleldemont y Oliva aBarcelonac1973